000 00290nam a22001337a 4500
008 170801b xxu||||| |||| 00| 0 eng d
020 _a9780471613596
041 _aeng
080 _a004
100 _a32
101 _aSHKI
245 _aEND-USER COMPUTING
_cNELSON, R.R
942 _2udc
_cBK
999 _c22405
_d22405